Invisible capital : (Record no. 18636)
[ view plain ]
| 000 -LEADER | |
|---|---|
| fixed length control field | 01281cam a2200313 a 4500 |
| 001 - CONTROL NUMBER | |
| control field | 16434944 |
| 005 - DATE AND TIME OF LATEST TRANSACTION | |
| control field | 20201128021129.0 |
| 008 - FIXED-LENGTH DATA ELEMENTS--GENERAL INFORMATION | |
| fixed length control field | 100826t2010 xxudk frb 001 0 eng d |
| 010 ## - LIBRARY OF CONGRESS CONTROL NUMBER | |
| LC control number | 2010034780 |
| 020 ## - INTERNATIONAL STANDARD BOOK NUMBER | |
| International Standard Book Number | 9781605093079 (hardback : alk. paper) |
| 020 ## - INTERNATIONAL STANDARD BOOK NUMBER | |
| International Standard Book Number | 1605093076 (hardback : alk. paper) |
| 040 ## - CATALOGING SOURCE | |
| Original cataloging agency | DLC |
| Transcribing agency | DLC |
| Modifying agency | YDX |
| -- | UKM |
| -- | BTCTA |
| -- | YDXCP |
| -- | ZPX |
| -- | CDX |
| -- | DLC |
| -- | EG-ScBUE |
| 082 00 - DEWEY DECIMAL CLASSIFICATION NUMBER | |
| Classification number | 338.04 |
| Edition number | 22 |
| Item number | RAB |
| 100 1# - MAIN ENTRY--PERSONAL NAME | |
| Personal name | Rabb, Chris |
| 9 (RLIN) | 36565 |
| 245 10 - TITLE STATEMENT | |
| Title | Invisible capital : |
| Remainder of title | how unseen forces shape entrepreneurial opportunity / |
| Statement of responsibility, etc | Chris Rabb. |
| 250 ## - EDITION STATEMENT | |
| Edition statement | 1st ed. |
| 260 ## - PUBLICATION, DISTRIBUTION, ETC. (IMPRINT) | |
| Place of publication, distribution, etc | San Francisco, United States : |
| Name of publisher, distributor, etc | Berrett-Koehler Publishers, |
| Date of publication, distribution, etc | c.2010. |
| 300 ## - PHYSICAL DESCRIPTION | |
| Extent | xv, 173 p. : |
| Other physical details | charts, forms ; |
| Dimensions | 22 cm. |
| 500 ## - GENERAL NOTE | |
| General note | "Published in association with Demos." |
| 500 ## - GENERAL NOTE | |
| General note | Index : p. 167-171. |
| 504 ## - BIBLIOGRAPHY, ETC. NOTE | |
| Bibliography, etc | Bibliography : p. 166. |
| 505 0# - FORMATTED CONTENTS NOTE | |
| Formatted contents note | Dreaming a difficult dream-The landscape of modern American enterprise-Invisible capital exposed-Democratizing entrepreneurial opportunity-Reframing entrepreneurial success-and failure-Toward commonwealth enterprise. |
| 650 #0 - SUBJECT ADDED ENTRY--TOPICAL TERM | |
| Topical term or geographic name as entry element | Entrepreneurship |
| 9 (RLIN) | 240 |
| 650 #0 - SUBJECT ADDED ENTRY--TOPICAL TERM | |
| Topical term or geographic name as entry element | Success in business |
| 9 (RLIN) | 1390 |
| 650 #0 - SUBJECT ADDED ENTRY--TOPICAL TERM | |
| Topical term or geographic name as entry element | Opportunity |
| 9 (RLIN) | 36566 |
| 653 ## - INDEX TERM--UNCONTROLLED | |
| Resource For college | BAEPS, Business Administration |
| Arrived date list | November2014 |
| 655 ## - INDEX TERM--GENRE/FORM | |
| Form subdivision | |
| -- | 34232 |
| 942 ## - ADDED ENTRY ELEMENTS (KOHA) | |
| Source of classification or shelving scheme | Dewey Decimal Classification |
| Call number prefix | 338.04 RAB |
| Withdrawn status | Item status | Source of classification or shelving scheme | Damaged status | Not for loan | Vendor | Home library | Current library | Shelving location | Date acquired | Source of acquisition | Cost, normal purchase price | Serial Enumeration / chronology | Total Checkouts | Full call number | Barcode | Date last seen | Cost, replacement price | Koha item type |
|---|---|---|---|---|---|---|---|---|---|---|---|---|---|---|---|---|---|---|
| Dewey Decimal Classification | Baccah | Central Library | Central Library | First floor | 17/11/2014 | 95.00 | 20677 | 338.04 RAB | 000037019 | 15/07/2025 | 118.75 | Book - Borrowing |